00358 2200145 4500245007300000250001100073100002100084650001600105650001700121005001900138260001800157041001400175084001400189336000900203 aHidupku, Pilihanku b : Sebuah AutobiograficArtika SalsabilahText aCet. 1 aArtika Salsabila aKarya Siswa aAutobiografi a20250520094204 aJakartac2025 aIndonesia a081 ART h atext